| 000 | 00719nam a2200241 a 4500 | ||
|---|---|---|---|
| 001 | 46119 | ||
| 003 | BD-RjUL | ||
| 005 | 20211209054118.0 | ||
| 008 | 160731s1961 ii a b 00110 eng | ||
| 035 | _a(BD-RjUL) 46237 | ||
| 035 | _a1081887 | ||
| 040 |
_aANL _beng _dBD-RjUL _cBD-RjUL |
||
| 041 | _aeng | ||
| 082 |
_223 _a391.0954 _bFAS 1961 |
||
| 100 | 1 |
_aFabri, Charles Louis, _d1899- _9140971 |
|
| 245 | 1 | 2 |
_aA history of Indian dress / _cby Charles Fabri. Illustrated by the author |
| 260 |
_aCalcutta, _bOrient Longmans _cc1961 |
||
| 300 |
_avi, 106 p. : _bill. ; _c25 cm. |
||
| 500 | _aIncludes index. | ||
| 504 | _aBibliography: p. [95]-97. | ||
| 650 | 0 |
_aCostume _zIndia _xHistory. _9140972 |
|
| 942 |
_2ddc _cBK |
||
| 999 |
_c46119 _d46119 |
||